000 00777nam a2200253Ia 4500
003 OSt
005 20221005033447.0
006 a|||||r|||| 00| 0
007 ta
008 221004b |||||||| |||| 00| 0 eng d
020 _a9788180900044 (hbk)
_c550
024 _a99184
037 _b367, 22/12/2009, Eastern Book Linkers
_cTextual
040 _aCRL
_cCRL
_beng
041 _2eng
_aeng
082 _aR66, P9
100 _aShastri A. Bhattacharyya
245 0 _aPost - samkara dialectics of the Advaita vesanta
260 _aDelhi
_bBharitiya Kala Prakashan India
_c2009
300 _axx, 286p.
_ccm.
650 _aPHILOSOPHY
942 _hR66, P9
_cTEXL
_2cc
999 _c941550
_d941550